000 00668nam a2200253Ia 4500
003 OSt
005 20221005060407.0
006 a|||||r|||| 00| 0
007 ta
008 221004b |||||||| |||| 00| 0 eng d
020 _a0415196612
024 _a35827
037 _cTextual
040 _aCRL
_cCRL
_beng
041 _2eng
_aeng
082 _aW:(R)x, N9
100 _aBellamy Richard
245 0 _aLiberalism and pluralism towards a politics of compromise
260 _aLondon
_bRoutledge
_c1999
300 _a245p.
_ccm.
650 _aPOLITICAL SCIENCE
942 _hW:(R)x, N9
_cTEXL
_2cc
999 _c966600
_d966600